|
|
|
|
| LEADER |
00817ncm a22002172a 4500 |
| 001 |
000445688 |
| 003 |
CZ BrMZK |
| 005 |
20110518180501.0 |
| 007 |
qu |
| 008 |
990305s1895 it f ita d |
| 040 |
|
|
|a BOA001
|b cze
|
| 072 |
|
7 |
|a 782
|x Divadelní hudba. Opera, opereta, muzikál
|2 Konspekt
|9 9
|
| 100 |
1 |
|
|a Cilea, Francesco,
|d 1866-1950
|7 ola2002153126
|4 cmp
|
| 245 |
1 |
3 |
|a La Tilda
|h [hudebnina] :
|b melodramma in tre atti : riduzione per canto e pianoforte
|c di Anneldo Graziani ; Musica di Francesco Cilea
|
| 260 |
|
|
|a Milano :
|b Sonzogno,
|c [1895?]
|
| 300 |
|
|
|a 185 s.
|
| 700 |
1 |
|
|a Graziani, Anneldo,
|d činný 1890-1900
|7 mzk2011640320
|4 aut
|
| 910 |
|
|
|a BOA001
|b Mus3-0252.163
|
| 990 |
|
|
|a MU
|
| 991 |
|
|
|b 201002
|
| 996 |
6 |
|
|b 2619768452
|c Mus3-0252.163
|l MZK
|r Sklad / do 1 hodiny
|n 2
|w 000445688
|u 000010
|a 1
|e BOA001
|j MZK50
|s P
|